• 首页
  • 本馆介绍
  • 公告通知
  • 最新文献
  • 馆藏检索
  • 电子资源
  • 读者导购
  • 参考咨询
  • 我的图书馆
  • 登录
  • 详细信息显示
  • 放入我的书架
  • 预约/预借图书
  • 作者相关作品
  • 分类相关作品
  • 丛书相关作品
  • 出版社相关作品

书目信息

  • 表格格式
  • 工作单格式
  • 卡片格式
题名:
盆景制作与赏析
    
 
作者: 兑宝峰 编著
分册:   观花·观果篇
出版信息: 福州   福建科学技术出版社  2016
页数: 202页
开本: 24cm
丛书名:
单 册:
中图分类: S668.1
科图分类:
主题词: 盆景--pen jing--观赏园艺
电子资源:
ISBN: 978-7-5335-4952-7
000 01149nam 2200265 450
001 1672705906
005 20160929153053.9
010    @a978-7-5335-4952-7@dCNY40.00
100    @a20160929d2016 em y0chiy50 ea
101 0  @achi
102    @aCN@b350000
105    @aa z 000yy
106    @ar
200 1  @a盆景制作与赏析@Apen jing zhi zuo yu shang xi@i观花·观果篇@f兑宝峰编著
210    @a福州@c福建科学技术出版社@d2016
215    @a202页@c彩图@d24cm
320    @a有书目 (第页)
330    @a全书分为三篇:第一篇花之韵,介绍梅花等二十六种适用于制作盆景的观花植物;第二篇果之丰,介绍桃等二十七种适用于制作盆景的观果植物;第三篇诗情画影,介绍牧童式盆景创作和盆景摄影的心得。各种植物有其素材来源、盆景造型、作品赏析、养护管理等详细内容,书中有370幅精美图片。难得的是,书稿中有些作品从选材到制成品都有照片记录,直观地展现出盆景制作的关键技术;有的作品还有同一植物经不同的处理后前后树相比较。
333    @a广大盆景爱好者。
517 1  @a观花·观果篇@Aguan hua·guan guo pian
606 0  @a盆景@Apen jing@x观赏园艺
690    @aS668.1@v5
701  0 @a兑宝峰@Adui bao feng@4编著
801  0 @aCN@b江苏新华@c20150511
905    @aBZT@dS668.1@e310
    
    盆景制作与赏析.观花·观果篇/兑宝峰编著.-福州:福建科学技术出版社,2016
    202页:彩图;24cm
    使用对象:广大盆景爱好者。
    
    ISBN 978-7-5335-4952-7:CNY40.00
    全书分为三篇:第一篇花之韵,介绍梅花等二十六种适用于制作盆景的观花植物;第二篇果之丰,介绍桃等二十七种适用于制作盆景的观果植物;第三篇诗情画影,介绍牧童式盆景创作和盆景摄影的心得。各种植物有其素材来源、盆景造型、作品赏析、养护管理等详细内容,书中有370幅精美图片。难得的是,书稿中有些作品从选材到制成品都有照片记录,直观地展现出盆景制作的关键技术;有的作品还有同一植物经不同的处理后前后树相比较。
●
相关链接 在五车中查询图书 在当当中查询图书 在豆瓣中查询图书


正题名:盆景制作与赏析     索取号:S668.1/310         预约/预借

序号 登录号 条形码 馆藏地/架位号 状态 备注
1 798208   2000798208   第二书库/ [索取号:S668.1/310] 在馆    
2 798209   2000798209   第二书库/ [索取号:S668.1/310] 在馆    
3 798210   2000798210   第二书库/ [索取号:S668.1/310] 在馆    
山东省滨州职业学院图书馆 欢迎您!
大连网信软件有限公司© 版权所有